00476nam a2200169Ia 4500999001700000003000400017005001700021008004100038040000900079082001700088100002900105245006300134260003800197300001000235650002100245942004000266 c19061d19061OSt20201113094757.0190216s9999||||xx |||||||||||||| ||und|| coclc a810.9bSPI/L aSpiller, Robert E 96315 0aLiterary History Of The United States /cRobert E Spiller  bAmerind Oub Co,c1963.aNew york: a1510p aLiterary History cBK2ddch810.9iSPI/Lk810.9mSPI/L